000 00580nam a2200181 i 4500
001 36333
003 ES-MaACL
005 20230906155340.0
007 t|
008 030218s1969 sp ||||1| spa d
100 1 _aBourgeois, Henri.
_930983
245 1 0 _aMundo nuevo, nuevos diáconos /
_cHenri Bourgeois, René Schaller ; [versión de Alejandro Esteban Lator Ros].
260 _a[Barcelona] :
_bHerder,
_c[1969]
300 _a177 p. ;
_c20 cm.
700 1 _aSchaller, René.
_9104222
700 1 _aLator Ros, Alejandro Esteban.
_970527
852 _aES-MaACL
_jC-51740
_bR.73192
999 _c36333
_d36333